Transthyretin génmutáció azonosítása hipertrófiás cardiomyopathia képében megjelenő amyloidosisban

Elmentve itt :
Bibliográfiai részletek
Szerzők: Hategan Lídia
Csányi Beáta
Nagy Viktória
Kis Orsolya
Kohári Mária
Ágoston Gergely
Sághy László
Varga Albert
Iványi Béla
Forster Tamás
Sepp Róbert
Dokumentumtípus: Cikk
Megjelent: 2016
Sorozat:CARDIOLOGIA HUNGARICA 46 No. 4
mtmt:3107310
Online Access:http://publicatio.bibl.u-szeged.hu/10095
LEADER 01000nab a2200301 i 4500
001 publ10095
005 20190328101654.0
008 161209s2016 hu o 0|| zxx d
022 |a 0133-5596 
024 7 |a 3107310  |2 mtmt 
040 |a SZTE Publicatio Repozitórium  |b hun 
041 |a zxx 
100 1 |a Hategan Lídia 
245 1 0 |a Transthyretin génmutáció azonosítása hipertrófiás cardiomyopathia képében megjelenő amyloidosisban  |h [elektronikus dokumentum] /  |c  Hategan Lídia 
260 |c 2016 
300 |a 225-230 
490 0 |a CARDIOLOGIA HUNGARICA  |v 46 No. 4 
700 0 1 |a Csányi Beáta  |e aut 
700 0 1 |a Nagy Viktória  |e aut 
700 0 1 |a Kis Orsolya  |e aut 
700 0 1 |a Kohári Mária  |e aut 
700 0 1 |a Ágoston Gergely  |e aut 
700 0 1 |a Sághy László  |e aut 
700 0 1 |a Varga Albert  |e aut 
700 0 1 |a Iványi Béla  |e aut 
700 0 1 |a Forster Tamás  |e aut 
700 0 1 |a Sepp Róbert  |e aut 
856 4 0 |u http://publicatio.bibl.u-szeged.hu/10095/1/3107310.pdf  |z Dokumentum-elérés